000 00718nam a22002297a 4500
005 20140310183633.0
008 131122b xxu||||| |||| 00| 0 eng d
020 _a9780323101097
050 _aRT 41
_b.C522 2014
100 _aCherry. Barbara.
245 _aContemporary nursing :
_bissues, trends, & management /
_cBarbara Cherry, Susan R. Jacob.
250 _a6th ed.
260 _aSt. Louis, Mo. :
_bElsevier,
_c2014.
300 _axvi, 527 p. :
_bcol. ill. ;
_c24 cm.
504 _aIncludes Bibliographic References and Index.
521 _aNUR
650 _aNursing
_zUnited States.
650 _aNursing
_zUnited States.
700 _aJacob, Susan R.
942 _2lcc
_cBK
_kFOR
999 _c25648
_d25648